| 000 | 01028nam a22002537a 4500 | ||
|---|---|---|---|
| 005 | 20170124103010.0 | ||
| 010 | _aB-005426 | ||
| 020 |
_a817178982 _c195.00 |
||
| 035 | _aB-005426 | ||
| 037 | _bCen Lib/Ret | ||
| 040 |
_aDPL _bHN |
||
| 082 |
_a808.883 _bगिलग |
||
| 100 |
_aगिल, गगन _946919 |
||
| 245 |
_aदिल्ली में उनीदें / _c गगन गिल |
||
| 246 |
_aDilli me uniden _b by Gagan Gil |
||
| 260 |
_aनई दिल्ली _bराजकमल प्रकाशन _c2000 |
||
| 270 |
_a1-बी नेता जी सुभाष मार्ग दरिया गंज _bनई दिल्ली _e110002 |
||
| 300 |
_a218पृष्ठ. _c20सेमी(सजिल्द) |
||
| 650 |
_aहिंदी साहित्य _957428 |
||
| 650 |
_a हिंदी गध्य विधा _94492 |
||
| 650 |
_ahindi literature _957429 |
||
| 650 |
_aHindi Gdhy mode _957430 |
||
| 942 |
_2ddc _cHN _h808.883 _mगिलग |
||
| 999 |
_c114585 _d114585 |
||